00892nam a2200145 4500008001000000020001500010082001600025110002300041245003200064260003800096300003300134505039200167650015200559700003500711708 V986v a8488490070 a708 bV986v aCasa de América  aA vueltas con los sentidos  aCasa de América bMadrid c1999 a118 p.bil (col)c27 x 21 cm tPresentación rIñigo Ramírez de Haro tA vueltas con los sentidos / Back to the senses rEstrella de Diego tEl sueño de los sentidos / The dream of the senses rManuel Gutiérrez Estévez tSentir, no sentir, negar la verdad / Feeling, not feeling, denying the truth rJuan Antonio Ramírez tCartas a Estrella / Letters to Estrella rIvo Mesquita tCatálogotBiografías  xarte contemporáneo xarte - exhibicionesxcatálogo de exhibición xConstantino, Nicola xHernández-Diez, José Antonio xJusidman, Yishai  ade Diego, Estrella (comisaria)